| 000 | 00685nam a2200253Ia 4500 | ||
|---|---|---|---|
| 003 | OSt | ||
| 005 | 20220918221309.0 | ||
| 006 | a|||||r|||| 00| 0 | ||
| 007 | ta | ||
| 008 | 220917b |||||||| |||| 00| 0 eng d | ||
| 024 | _a149,250 | ||
| 037 | _cTextual | ||
| 040 |
_aARTS _cARTS _beng |
||
| 041 |
_2eng _aeng |
||
| 082 | _aT:855, J41 | ||
| 100 |
_aHumphreys J Anthony _9139975 |
||
| 245 | 0 | _aGuidance services | |
| 260 | _c1954 | ||
| 490 | _aProfessional guidance series, ed by Clifford P Proehlich | ||
| 650 | _aEDUCATION | ||
| 700 | _a Traxler Arthur E | ||
| 942 |
_hT:855, J41 _cTEXL _2CC |
||
| 999 |
_c271919 _d271919 |
||